Comparison of organic fertilizer on garlic sangke district, battabang province, ការប្រៀបធៀបជីធ្មជាតិទៅលើដំណាំខ្ទឹមស នៅក្នុងស្រុកសង្កែ ខេត្តបាត់ដំបង. (Record no. 1441)

000 -LEADER
fixed length control field 00635nam a22001337a 4500
040 ## - CATALOGING SOURCE
Transcribing agency RUA
082 ## - DEWEY DECIMAL CLASSIFICATION NUMBER
Classification number AGR.BB YUO 2010 B060 Or.1
100 ## - MAIN ENTRY--AUTHOR NAME
Personal name YUOM, YAREN.
245 ## - TITLE STATEMENT
Title Comparison of organic fertilizer on garlic sangke district, battabang province, ការប្រៀបធៀបជីធ្មជាតិទៅលើដំណាំខ្ទឹមស នៅក្នុងស្រុកសង្កែ ខេត្តបាត់ដំបង.
260 ## - PUBLICATION, DISTRIBUTION, ETC. (IMPRINT)
Place of publication phnom phen
Name of publisher RUA
Year of publication 2010
300 ## - PHYSICAL DESCRIPTION
Number of Pages IX,56p.
Other physical details ill.
Dimensions 29cm.
856 ## - ELECTRONIC LOCATION AND ACCESS
Uniform Resource Identifier https://drive.google.com/file/d/1FRCn3Etvol-QUYI3ess7yj-kV98Yapbs/view?usp=sharing
942 ## - ADDED ENTRY ELEMENTS (KOHA)
Koha item type AGR.bb
952 ## - LOCATION AND ITEM INFORMATION (KOHA)
Withdrawn status [LOCAL, KOHA] 0
952 ## - LOCATION AND ITEM INFORMATION (KOHA)
Withdrawn status [LOCAL, KOHA] 0
952 ## - LOCATION AND ITEM INFORMATION (KOHA)
Withdrawn status [LOCAL, KOHA] 0
952 ## - LOCATION AND ITEM INFORMATION (KOHA)
Withdrawn status [LOCAL, KOHA] 0
952 ## - LOCATION AND ITEM INFORMATION (KOHA)
Withdrawn status [LOCAL, KOHA] 0
952 ## - LOCATION AND ITEM INFORMATION (KOHA)
Withdrawn status [LOCAL, KOHA] 0
952 ## - LOCATION AND ITEM INFORMATION (KOHA)
Withdrawn status [LOCAL, KOHA] 0
952 ## - LOCATION AND ITEM INFORMATION (KOHA)
Withdrawn status [LOCAL, KOHA] 0
952 ## - LOCATION AND ITEM INFORMATION (KOHA)
Withdrawn status [LOCAL, KOHA] 0
Holdings
Permanent Location Date acquired Koha item type Lost status Shelving location Barcode Current Location Full call number
Library Block B2015-09-28AGR.bb B060RUA001813Library Block BAGR.BB YUO 2010 B060 Or.1
Library Block B2015-09-28AGR.bb B060RUA001751Library Block BAGR.BB YUO 2010 B060 Or.2
Library Block B2015-09-28AGR.bb B060RUA001891Library Block BAGR.BB YUO 2010 B060 Or.3
Library Block B2015-09-28AGR.bb B060RUA001747Library Block BAGR.BB YUO 2010 B060 Or.4
Library Block B2015-09-28AGR.bb B060RUA001675Library Block BAGR.BB YUO 2010 B060 Or.5
Library Block B2015-09-28AGR.bb B060RUA001957Library Block BAGR.BB YUO 2010 B060 Or.6
Library Block B2015-09-28AGR.bb B060RUA009762Library Block BAGR.BB YUO 2010 B060 Or.7
Library Block B2015-09-28AGR.bb B060RUA009690Library Block BAGR.BB YUO 2010 B060 Or.8
Library Block B2019-02-13AGR B1.218A36095Library Block BAGR YUO 2010 B1.218 Or.1
មជ្ឈមណ្ឌលឯការនៃសាកលវិទ្យាល័យភូមិន្ទកសិកម្មចំការដូង

Powered by Koha